| 000 | 00884nam a2200217 u 4500 | ||
|---|---|---|---|
| 001 | 000292908 | ||
| 003 | AM-YeHGA | ||
| 005 | 20250617125929.0 | ||
| 008 | 031211s1986 ai r 000 0 arm d | ||
| 040 | _aAM-YeHGA | ||
| 041 | 0 | _aarm | |
| 100 | 1 | _aՀովասափյան, Հովսեփ Վարդանի | |
| 245 | 1 | 0 |
_aՎարդան Տեր-Վարդանով / _cՀ.Վ. Հովասափյան; ՀՍՍՀ առողջապահության մին-թյան հանրապետ. սանլուստուն. |
| 260 |
_aԵրևան : _bՀայաստան, _c1986. |
||
| 300 |
_a22 էջ : _b[1] թ. դիմանկ. |
||
| 440 | 0 | _aՎաստակաշատ բժիշկներ | |
| 650 | 1 | 4 | _aԲժշկություն |
| 650 | 1 | 4 | _aՀամաճարակագիտություն |
| 710 | 2 | _aՀՍՍՀ առողջապահության մինիստրության հանրապետական սանլուստուն | |
| 090 | _c108632 | ||
| 999 |
_c107305 _d107305 |
||